Primary english for trainee teachers
Guardat en:
| Autor principal: | |
|---|---|
| Format: | Llibre |
| Idioma: | anglès |
| Publicat: |
Sage
2017
|
| Etiquetes: |
Afegir etiqueta
Sense etiquetes, Sigues el primer a etiquetar aquest registre!
|
MARC
| LEADER | 00000nam a22000007a 4500 | ||
|---|---|---|---|
| 008 | 210126b ||||| |||| 00| 0 eng d | ||
| 020 | |a 978-1-4739-7340-4 | ||
| 100 | |a WAUGH, David. | ||
| 245 | |a Primary english for trainee teachers |c David Waugh, Wendy Jolliffe, and Kate Allott |e Transforming Primary QTS |g xi; 335p.; ill. | ||
| 250 | |b 2nd ed. | ||
| 260 | |b Sage |c 2017 |h Thousand Oaks, California |i 692267 |i 692268 |l LB1576 .P93 |m English language – Study and teaching (Primary) – Great Britain | ||
| 942 | |a lcc |c BK |e YUNUSA, A.A. |f 26/01/2021 | ||
| 952 | |0 0 |1 0 |2 lcc |4 0 |6 LB1576 P93 |7 0 |9 1948 |a HOL |b ED |c LP |d 2021-01-26 |l 0 |o LB1576 .P93 |p 2021-5811 |r 2021-01-26 00:00:00 |w 2021-01-26 |y BK | ||
| 952 | |0 0 |1 0 |2 lcc |4 0 |6 LB1576 P93 |7 0 |9 1949 |a HOL |b HOL |c LP |d 2021-01-26 |l 0 |o LB1576 .P93 |p 2021-5812 |r 2021-01-26 00:00:00 |w 2021-01-26 |y BK | ||
| 999 | |c 1022 |d 1022 | ||